Catálogo de la Biblioteca Horacio González - Universidad Nacional de General Sarmiento

Alicia en el país de las maravillas (Registro nro. 53708)

Detalles MARC
000 -CABECERA
campo de control de longitud fija 01241ngm a22003130a 4500
001 - NÚMERO DE CONTROL
campo de control PT40542
003 - IDENTIFICADOR DEL NÚMERO DE CONTROL
campo de control AR-LpoUNG
005 - FECHA Y HORA DE LA ÚLTIMA TRANSACCIÓN
campo de control 20210201235903.0
007 - CAMPO FIJO DE DESCRIPCIÓN FÍSICA--INFORMACIÓN GENERAL
campo de control de longitud fija vd cvaizq
008 - DATOS DE LONGITUD FIJA--INFORMACIÓN GENERAL
campo de control de longitud fija 191001s2010||||ag |||||||||||||||||eng d
040 ## - FUENTE DE LA CATALOGACIÓN
Centro catalogador/agencia de origen AR-LpoUNG
Lengua de catalogación spa
Centro/agencia transcriptor AR-LpoUNG
Normas de descripción aacr
041 ## - CÓDIGO DE LENGUA
Código de lengua del texto/banda sonora o título independiente eng
044 ## - CÓDIGO DEL PAÍS DE LA ENTIDAD EDITORA/PRODUCTORA
Código MARC del país ag
082 0# - NÚMERO DE LA CLASIFICACIÓN DECIMAL DEWEY
Número de clasificación 808.068.8 947ali
100 1# - ENTRADA PRINCIPAL--NOMBRE DE PERSONA
Nombre de persona Burton, Tim
Término indicativo de función/relación dir.
245 10 - MENCIÓN DE TÍTULO
Título Alicia en el país de las maravillas
260 ## - PUBLICACIÓN, DISTRIBUCIÓN, ETC.
Lugar de publicación, distribución, etc. Buenos Aires :
Nombre del editor, distribuidor, etc. Walt Disney,
Fecha de publicación, distribución, etc. 2010.
300 ## - DESCRIPCIÓN FÍSICA
Extensión DVD (105 min.) : son., col.
505 0# - NOTA DE CONTENIDO CON FORMATO
Nota de contenido con formato Hecha en 2010. - Elenco: Johnny Deep. - Doblada en: español y portugués. - Subtitulos en español y portugués
520 ## - SUMARIO, ETC.
Sumario, etc. Alicia es una chica de 19 años que regresa al mundo mágico donde se adentró siendo una niña para reunirse con sus antiguos amigos: el Conejo Blanco, Tweedledee y Tweedledum, the Dormouse, the Caterpillar, el gato de Cheshire, y por supuesto, el Sombrerero Loco. Alicia se embarca en un viaje fantástico para encontrar su verdadero destino y poner fin al reinado de Terror de la Reina Roja
653 ## - TÉRMINO DE INDIZACIÓN--NO CONTROLADO
Término no controlado ANIMACION
653 ## - TÉRMINO DE INDIZACIÓN--NO CONTROLADO
Término no controlado AVENTURA
653 ## - TÉRMINO DE INDIZACIÓN--NO CONTROLADO
Término no controlado DVD
653 ## - TÉRMINO DE INDIZACIÓN--NO CONTROLADO
Término no controlado FANTASIA
653 ## - TÉRMINO DE INDIZACIÓN--NO CONTROLADO
Término no controlado VIDEOS
653 ## - TÉRMINO DE INDIZACIÓN--NO CONTROLADO
Término no controlado VIDEOS INFANTILES
905 ## - ELEMENTOS DE DATOS E LOCAL, LDE (RLIN)
a 40542
942 ## - ELEMENTOS DE PUNTO DE ACCESO ADICIONAL (KOHA)
Tipo de ítem Koha DVD
Existencias
Estado de retiro Estado de pérdida Estado dañado No para préstamo Código de colección Localización permanente Ubicación/localización actual Fecha de adquisición Total de préstamos Signatura topográfica completa Código de barras Fecha visto por última vez Precio válido a partir de Tipo de ítem Koha
        Colección Cine Biblioteca Universidad Nacional de General Sarmiento Biblioteca Universidad Nacional de General Sarmiento 01/02/2021   808.068.8 947ali 00047729 01/02/2021 01/02/2021 DVD
        Colección Cine Biblioteca Universidad Nacional de General Sarmiento Biblioteca Universidad Nacional de General Sarmiento 01/02/2021   808.068.8 947ali 00047730 01/02/2021 01/02/2021 DVD
        Colección Cine Biblioteca Universidad Nacional de General Sarmiento Biblioteca Universidad Nacional de General Sarmiento 01/02/2021   808.068.8 947ali 00047731 01/02/2021 01/02/2021 DVD